000
00323nam a2200145Ia 4500
008
100122s9999 xx 000 0 und d
082
_b
42979
_a
616.072
100
_a
GRECHKO V E
245
_a
HEADACHE
260
_b
MIV PUBLICATION
_c
1986
300
_a
120
630
_a
HEADACHE
730
_a
HEADACHE
942
_c
BOOK
999
_c
372981
_d
372978